00675nam a2200193 4500001000700000003000900007005001700016007000300033008004100036020001800077100002900095245011100124250001300235260003400248300002600282852003200308999001900340952012200359120917ES-MaACL20230906191640.0t|070214s1986 xxk r ||||1| eng d a0-333-39200-01 aPomfret, Richard.99292310aMediterranean policy of the European Community b: a study of discrimination in trade / cRichard Pomfret. a1ยช. ed. aLondon : bMacmillan, c1986. aXV, 128 p. ; c23 cm. aES-MaACLjL-10274 bR.11831 c120917d120917 00104070aATENEOMbATENEOMcDEPO2d2008-01-17eSCl0oL-10274p1126027r2023-02-23 00:00:00w2023-02-23yMONOGRAFIA